| 000 | 00556nam a2200181 i 4500 | ||
|---|---|---|---|
| 001 | 44129 | ||
| 003 | ES-MaACL | ||
| 005 | 20230906160949.0 | ||
| 007 | t| | ||
| 008 | 030320s1968 sp ||||1| spa d | ||
| 245 | 0 | 0 |
_aCirugía reparadora de la cara / _cpor C. Dufourmente... [et al.] ; versión de T. Amat Puertolas. |
| 250 | _a1ª ed. | ||
| 260 |
_aBarcelona : _bToray Masson, _c[1968] |
||
| 300 |
_aXII, 183 p. : _bil. ; _c27 cm. |
||
| 700 | 1 |
_aDufourmente, C. _945911 |
|
| 700 | 1 |
_aAmat Puértolas, T. _921143 |
|
| 852 |
_aES-MaACL _jC-34522 _bR.67140 |
||
| 999 |
_c44129 _d44129 |
||